| 000 | 00542nam a22001937a 4500 | ||
|---|---|---|---|
| 003 | OSt | ||
| 005 | 20180523165525.0 | ||
| 008 | 180523b xxu||||| |||| 00| 0 spa d | ||
| 020 | _a950-25-2414-4 | ||
| 040 | _cBiblioteca Ernesto Sábato | ||
| 092 |
_a382.6 _bD513 |
||
| 100 | _aDevoto, Rubén | ||
| 245 | _aLa comunidad europea y las exportaciones de la pampa argentina | ||
| 260 |
_aBuenos Aires _bCEAL _c1993 |
||
| 300 | _a155 p | ||
| 440 |
_aBiblioteca política argentina _n 420 |
||
| 650 | _aEXPORTACION-EUROPA | ||
| 942 |
_2ddc _cBDT |
||
| 999 |
_c32252 _d32252 |
||